Guess the Billie Eilish Song Lyrics (1) - Statistics

General Stats
  • This quiz has been taken 872 times
  • The average score is 111 of 215
Answer Stats
Answer % Correct
I
99%
a
95%
you
92%
the
90%
an
82%
to
81%
do
78%
My
78%
my
78%
me
76%
and
72%
go
72%
is
72%
in
71%
I'm
70%
on
70%
your
70%
don't
69%
we
69%
all
65%
her
64%
but
63%
not
63%
can't
61%
there
61%
good
59%
want
59%
hell
57%
girl's
56%
girls
56%
time
56%
friend
55%
know
54%
say
54%
are
53%
of
53%
'cause
52%
even
52%
lonely
52%
anything
51%
for
51%
like
51%
Lucifer
51%
should
51%
has
50%
didn't
49%
why
49%
God
48%
god
48%
herself
47%
once
47%
at
46%
look
46%
them
46%
enemies
45%
water
45%
devil
44%
killing
44%
open
44%
peter
44%
starts
44%
crime
43%
get
43%
rise
43%
Standing
43%
vacation
42%
warn
42%
ya
42%
burn
41%
California
41%
commit
41%
got
41%
invitation
41%
some
41%
team
41%
him?
40%
ignore
40%
out
40%
Peter's
40%
now
39%
better
38%
turn
38%
hills
37%
she'll
36%
man
35%
needing
35%
animal's
34%
evidence
34%
friend's
34%
heaven's
34%
inside
33%
sight
33%
without
33%
invite
32%
up
32%
more
31%
our
31%
this
31%
greenery
30%
fence
29%
help
29%
nothing
29%
saving
29%
gates
28%
left
28%
pearly
28%
such
28%
there's
28%
There's
28%
walk
28%
fool
27%
begging
25%
cover
25%
wow
25%
caving
24%
'em
24%
gonna
24%
save
23%
wearin'
22%
Poisoning
21%
themselves
20%
owe
19%
cannot
16%
fetters
16%
snowflake
15%
Haha!
9%
pickett
5%
little
2%
No matching quizzes found
Score Distribution
Percent of People with Each Score
Percentile by Number Answered
Your Score History
You have not taken this quiz